[Event "URS-ch FL55"]
[Site "Lvov"]
[Date "1987.11.24"]
[Round "14"]
[White "Panchenko, Alexander N"]
[Black "Ivanchuk, Vassily"]
[Result "1/2-1/2"]
[WhiteElo "2475"]
[BlackElo "2480"]
[PlyCount "53"]
[EventDate "1987.11.??"]
[EventType "tourn"]
[EventRounds "17"]
[EventCountry "URS"]
[EventCategory "10"]
[SourceTitle "EXT 2018"]
[Source "ChessBase"]
[SourceDate "2017.10.13"]
[SourceVersion "1"]
[SourceVersionDate "2017.10.13"]
[SourceQuality "1"]

1. e4 e5 2. Nf3 Nf6 3. Nxe5 d6 4. Nf3 Nxe4 5. d4 d5 6. Bd3 Nc6 7. O-O Bg4 8. c4
Nf6 9. Nc3 Bxf3 10. Qxf3 Nxd4 11. Re1+ Be7 12. Qd1 Ne6 13. cxd5 Nxd5 14. Bb5+
c6 15. Nxd5 cxb5 16. Qb3 O-O 17. Nxe7+ Qxe7 18. Qxb5 a6 19. Qb3 Rfd8 20. Be3
Rac8 21. Rac1 Rxc1 22. Rxc1 Qd7 23. h3 h6 24. Qc3 Nd4 25. Bxd4 Qxd4 26. g3 Qxc3
27. Rxc3 1/2-1/2

[Event "EU-ch U21"]
[Site "Arnhem"]
[Date "1987.12.20"]
[Round "2"]
[White "Lutz, Christopher"]
[Black "Ivanchuk, Vassily"]
[Result "0-1"]
[WhiteElo "2295"]
[BlackElo "2480"]
[PlyCount "86"]
[EventDate "1987.12.19"]
[EventType "swiss"]
[EventRounds "13"]
[EventCountry "NED"]
[SourceTitle "EXT 1997"]
[Source "ChessBase"]
[SourceDate "1996.11.15"]
[SourceVersion "1"]
[SourceVersionDate "1996.11.15"]
[SourceQuality "1"]

1. d4 Nf6 2. c4 e6 3. Nc3 Bb4 4. e3 b6 5. Nge2 Bb7 6. a3 Be7 7. d5 O-O 8. Nf4
a5 9. Be2 Na6 10. O-O Nc5 11. b3 Re8 12. Bb2 c6 13. Bf3 cxd5 14. cxd5 e5 15.
Nh5 Nxh5 16. Bxh5 Ba6 17. Be2 Bxe2 18. Nxe2 Bd6 19. Ng3 g6 20. f4 exf4 21. exf4
Ne4 22. Qd3 Bc5+ 23. Kh1 Nxg3+ 24. Qxg3 Re3 25. Rf3 Re2 26. Bc3 f5 27. d6 Bxd6
28. Rd3 Qe7 29. Rad1 Re6 30. Qf3 Rd8 31. a4 Bc5 32. h3 d6 33. Kh2 Re4 34. Ba1
Qe6 35. R3d2 Be3 36. Rc2 Bxf4+ 37. Kg1 d5 38. Qf1 d4 39. Rc4 g5 40. Kh1 d3 41.
Rxe4 fxe4 42. Qf2 e3 43. Qb2 Be5 0-1

[Event "Lvov"]
[Site "Lvov"]
[Date "1988.??.??"]
[Round "?"]
[White "Kaidanov, Gregory S"]
[Black "Ivanchuk, Vassily"]
[Result "1/2-1/2"]
[WhiteElo "2515"]
[BlackElo "2535"]
[PlyCount "130"]
[EventDate "1988.02.??"]
[EventType "tourn"]
[EventRounds "15"]
[EventCountry "URS"]
[EventCategory "10"]
[SourceTitle "CBM 007"]
[Source "ChessBase"]
[SourceDate "1988.12.01"]
[SourceVersion "1"]
[SourceVersionDate "1988.12.01"]
[SourceQuality "1"]

1. c4 Nf6 2. Nc3 e6 3. Nf3 Bb4 4. g3 O-O 5. Bg2 d5 6. a3 Be7 7. d4 dxc4 8. Qa4
a6 9. Qxc4 b5 10. Qd3 Bb7 11. O-O c5 12. Rd1 Nbd7 13. dxc5 Nxc5 14. Qc2 Qc8 15.
Bf4 Rd8 16. Rdc1 Bc6 17. b4 Ncd7 18. Nb1 Bd5 19. Nc3 Nb6 20. Nxd5 Nfxd5 21. Qb3
Nc4 22. Ne5 Ra7 23. Rc2 Nxf4 24. gxf4 Bf6 25. a4 Bxe5 26. fxe5 Rad7 27. axb5
axb5 28. Rcc1 Qc7 29. Qg3 Rd2 30. Bf1 Qe7 31. e3 Qxb4 32. Qf4 R2d5 33. Bxc4
bxc4 34. Rxc4 Qb8 35. Rac1 Rxe5 36. Rc7 Rf5 37. Qc4 Qb2 38. Rc2 Qa1+ 39. Rc1
Qf6 40. Rc8 Rfd5 41. Rxd8+ Rxd8 42. Qg4 g6 43. Kg2 Rd5 44. h4 Rf5 45. Rc8+ Kg7
46. Rc2 Kh6 47. Qg3 e5 48. Qg4 Qe7 49. Rc4 Qd7 50. Qe2 Qd5+ 51. Kg1 Qb7 52. Qd1
Qb2 53. Qc2 Qa1+ 54. Kg2 Qe1 55. Rc6 Kg7 56. Rc4 Rh5 57. Re4 Kh6 58. Qc4 Rf5
59. Qc2 Kh5 60. Rc4 Kh6 61. Ra4 Rf6 62. Re4 Qa5 63. Rg4 Qe1 64. Re4 Rf5 65. Ra4
Rf6 1/2-1/2

[Event "Yerevan"]
[Site "Yerevan"]
[Date "1989.??.??"]
[Round "?"]
[White "Anastasian, Ashot"]
[Black "Ivanchuk, Vassily"]
[Result "0-1"]
[WhiteElo "2475"]
[BlackElo "2635"]
[Annotator "Bulletin"]
[PlyCount "160"]
[EventDate "1989.05.??"]
[EventType "tourn"]
[EventRounds "11"]
[EventCountry "URS"]
[EventCategory "12"]
[SourceTitle "CBM 014"]
[Source "ChessBase"]
[SourceDate "1990.02.01"]
[SourceVersion "1"]
[SourceVersionDate "1990.02.01"]
[SourceQuality "1"]

1. c4 c6 2. d4 d5 3. cxd5 cxd5 4. Nc3 Nc6 5. Nf3 Nf6 6. Bf4 Bf5 7. e3 e6 8. Bb5
Nd7 9. Ne5 Ncxe5 10. Bxe5 a6 11. Bxd7+ Qxd7 12. O-O Rc8 13. Rc1 f6 14. Bg3 Be7
15. Qa4 Rc4 $1 16. Qb3 O-O (16... Rb4 17. Qd1 Rxb2 18. Na4 Rb4 19. Nc5 Bxc5 20.
Rxc5 Rc4 $17) 17. a3 Rfc8 18. h3 b5 19. Ra1 Qc6 20. Rfd1 a5 21. Rdc1 b4 22.
axb4 axb4 23. Ne2 Rc2 24. Qa2 Qb5 25. Rxc2 Bxc2 26. Nf4 Bf5 27. Qa7 Bf8 28. Kh2
Qe8 29. Qb7 Qc6 30. Qa7 e5 31. Ne2 Qc2 32. Re1 Qxb2 33. dxe5 fxe5 34. Ng1 Qc3
35. Nf3 Re8 36. Qa4 Re7 37. Re2 Bd3 $2 (37... b3 38. Qb5 Qd3 (38... Be4 39. Ng5
Qd3) 39. Qxd3 Bxd3 40. Rb2 Bc2 41. Ne1 (41. Bxe5 Re8 42. Bd4 Ba3) 41... Rc7 42.
Bxe5 Rc8 $19) 38. Ra2 b3 $2 39. Ra3 Bc2 40. Qb5 $1 Qc4 41. Qb8 Qc6 $2 (41...
Qc7 42. Ra8 Qxb8 43. Rxb8 e4 44. Nd4 $10) 42. Bxe5 $2 (42. Ra8 $1 $18 Qf6 43.
Bh4 Qf7 44. Nxe5 $18) 42... Re8 43. Qa7 Qc8 44. Bd4 $2 {>= 44.Bb2} Qb8+ 45.
Qxb8 Rxb8 46. Ra5 Bd6+ (46... b2 47. Bxb2 Rxb2 48. Rxd5 Be4 49. Rd2 Rxd2 50.
Nxd2 $10) 47. g3 Be4 48. Nd2 $2 (48. Ng5 b2 49. Bxb2 Rxb2 50. Nxe4 dxe4) 48...
b2 $2 (48... Bb4 $1 49. Nxb3 Bxa5 50. Nxa5 h5 $1) 49. Bxb2 Rxb2 50. Nxe4 dxe4
51. Kg2 Kf7 52. Ra4 Bb4 53. Kf1 Ke6 54. Ra7 Rb1+ 55. Kg2 Be1 56. Kf1 Bc3+ 57.
Kg2 Kd5 58. Rc7 Be5 59. Re7 Rb5 60. Kf1 Rb1+ 61. Kg2 Bf6 62. Re8 Rc1 63. h4 $2
Rc7 64. Kf1 Be7 65. Rg8 Bc5 66. Re8 Rf7 67. Rd8+ Kc4 68. Ke2 Ra7 69. Kf1 h6 70.
Rc8 Ra1+ 71. Kg2 Rd1 72. Rc7 g5 73. hxg5 hxg5 74. Rg7 Rd5 75. Rb7 Bb4 76. Kf1
Rd1+ 77. Kg2 Be1 78. Kf1 Bc3+ 79. Kg2 Kd3 80. Rb5 Ke2 0-1

[Event "Yerevan"]
[Site "Yerevan"]
[Date "1989.??.??"]
[Round "?"]
[White "Ivanchuk, Vassily"]
[Black "Gligoric, Svetozar"]
[Result "1-0"]
[WhiteElo "2635"]
[BlackElo "2505"]
[PlyCount "81"]
[EventDate "1989.05.??"]
[EventType "tourn"]
[EventRounds "11"]
[EventCountry "URS"]
[EventCategory "12"]
[SourceTitle "CBM 014"]
[Source "ChessBase"]
[SourceDate "1990.02.01"]
[SourceVersion "1"]
[SourceVersionDate "1990.02.01"]
[SourceQuality "1"]

1. e4 e6 2. d4 d5 3. Nd2 c5 4. exd5 exd5 5. Bb5+ Nc6 6. Ngf3 Bd6 7. dxc5 Bxc5
8. O-O Nge7 9. Nb3 Bd6 10. Re1 O-O 11. h3 Bf5 12. Bd3 Bg6 13. c3 Nf5 14. Bg5
Qd7 15. Qd2 Rfe8 16. Rxe8+ Rxe8 17. Rd1 h6 18. Bxf5 Qxf5 19. Qxd5 hxg5 20. Qxf5
Bxf5 21. Rxd6 f6 22. Nbd4 Nxd4 23. Nxd4 Bc8 24. f3 Kf7 25. Kf2 Ke7 26. Rd5 Bd7
27. Ra5 a6 28. c4 Kd6 29. b3 Bc8 30. Rd5+ Kc7 31. Ne2 Kc6 32. f4 gxf4 33. Nxf4
b5 34. cxb5+ axb5 35. Rd3 Bf5 36. Rg3 Ra8 37. Rxg7 Rxa2+ 38. Kg1 Rb2 39. Rg3
Kc5 40. Nd3+ Bxd3 41. Rxd3 1-0

[Event "Yerevan"]
[Site "Yerevan"]
[Date "1989.??.??"]
[Round "?"]
[White "Ivanchuk, Vassily"]
[Black "Marjanovic, Slavoljub"]
[Result "1-0"]
[WhiteElo "2635"]
[BlackElo "2490"]
[Annotator "Bulletin"]
[PlyCount "81"]
[EventDate "1989.05.??"]
[EventType "tourn"]
[EventRounds "11"]
[EventCountry "URS"]
[EventCategory "12"]
[SourceTitle "CBM 014"]
[Source "ChessBase"]
[SourceDate "1990.02.01"]
[SourceVersion "1"]
[SourceVersionDate "1990.02.01"]
[SourceQuality "1"]

1. d4 d5 2. Nf3 c5 3. c4 e6 4. cxd5 exd5 5. g3 Nf6 6. Bg2 Be7 7. O-O O-O 8. Nc3
Nc6 9. dxc5 Bxc5 10. Bg5 d4 11. Bxf6 Qxf6 12. Nd5 Qd8 13. Nd2 Bh3 14. Bxh3 Qxd5
15. Qb3 $1 Qh5 16. Qxb7 Ne5 17. Qe4 Rae8 18. Kg2 Nc4 $2 (18... Bb6 19. Rfd1 $1
(19. Nf3 Nxf3 20. Qxf3 Qb5 $1 $10) 19... Nc4 (19... f5 20. Qd5+ Kh8 21. Nf3
Nxf3 22. Qxf3 Qxf3+ 23. Kxf3 g5 24. Bf1 $1 g4+ 25. Kg2 f4 26. Rd3 $16) (19...
d3 20. e3 $1 (20. exd3 Bxf2 $1) 20... Qe2 21. Kg1 $16 {/\ Bf1}) (19... Ng6 20.
Bg4 $1 Qg5 (20... Qb5 21. Qd3 Qxb2 22. Nc4 {/\ Nxb6, Qxd4}) 21. Qf5 Qxf5 22.
Bxf5 Rxe2 $14 {23.Bd3; 23.Nc4!?}) (19... g5 $1 20. Bf5 (20. Qf5 $6 Qg6 $1 21.
Ne4 g4 22. Nf6+ Kg7 23. Qxg6+ fxg6 24. Nxg4 Nf7 $1) 20... f6 $13) 20. Qf3 Qxf3+
21. Kxf3 Nxb2 22. Rdb1 Na4 23. Bd7 Nc3 24. Bxe8 Nxb1 25. Rxb1 Rxe8 26. Ne4 $14)
19. Qf3 Qxf3+ 20. Nxf3 Nxb2 21. Rac1 Be7 22. Rc2 Rb8 23. Nxd4 Bf6 24. Nc6 Rb7
25. f4 Re8 26. Kf3 g6 27. e4 Bg7 28. e5 Na4 29. Rfc1 Nb6 30. Na5 Rbe7 31. Bf1
f6 32. Bb5 Ra8 33. Nc6 Re6 34. Nd4 Re7 35. Nc6 Re6 36. a4 a5 (36... a6 37. a5
$1) 37. Rb1 Kh8 38. Bd3 Nxa4 39. f5 gxf5 40. Bxf5 Ree8 41. Rc4 1-0

[Event "Interzonal-15"]
[Site "Manila"]
[Date "1990.??.??"]
[Round "5"]
[White "Nikolic, Predrag"]
[Black "Ivanchuk, Vassily"]
[Result "0-1"]
[WhiteElo "2600"]
[BlackElo "2680"]
[Annotator "Stohl,I"]
[PlyCount "72"]
[EventDate "1990.06.29"]
[EventType "swiss"]
[EventRounds "13"]
[EventCountry "PHI"]
[SourceTitle "CBM 019"]
[Source "ChessBase"]
[SourceDate "1990.12.01"]
[SourceVersion "1"]
[SourceVersionDate "1990.12.01"]
[SourceQuality "1"]

1. d4 f5 2. g3 Nf6 3. Bg2 g6 4. c3 $5 c6 (4... Bg7 5. Qb3 $5) 5. Bg5 (5. Qb3
Qb6 $5 $13) (5. Nd2 d5 6. Nh3 Bg7 7. Nf4 $14 {/\Sd3,Sf3,Lf4}) 5... Bg7 6. Nd2
d5 $1 (6... O-O 7. e4 $14) 7. Nh3 (7. Ngf3 Ne4 8. Bf4 Nd7 $13 {/\0-0,De8,e5})
7... O-O 8. O-O Qe8 (8... Ne4 9. Nxe4 fxe4 10. f3 $14) 9. c4 Ne4 $5 (9... Nbd7
10. cxd5 {<->c}) 10. Nxe4 (10. cxd5 $6 cxd5 $15 {/\Sc6}) (10. Qb3 $5 Nxg5 11.
Nxg5 e6 $13) 10... dxe4 (10... fxe4 $6 11. Qb3 Qf7 12. cxd5 cxd5 13. Be3 $36 {
/\f3}) 11. f3 exf3 12. exf3 (12. Bxf3 $2 e5 13. dxe5 Nd7 $15) 12... Qf7 $13 {
><d4} 13. Re1 (13. Rc1 $6 Rd8 14. d5 (14. Be3 $2 e5 $17) 14... cxd5 (14... Bxb2
15. Rc2 Bf6 16. f4 $146) 15. cxd5 Nc6 $1 16. f4 (16. dxc6 Rxd1 17. Rfxd1 h6 $8
18. Rd8+ Kh7 19. c7 Qxa2 $17) 16... Bd4+ 17. Nf2 (17. Kh1 Rxd5 18. Bxd5 Qxd5+
19. Qf3 Qxf3+ 20. Rxf3 Be6 $17) 17... Rxd5 18. Bxd5 Qxd5 19. Qb3 Qxb3 20. axb3
Be6 21. Rfe1 Kf7 $146) (13. f4 h6 $5 (13... Rd8 14. d5 Bxb2 15. Rb1 $13) 14.
Bh4 Qxc4 15. d5 Bxb2 16. Bxe7 Re8 17. d6 Qd4+ $17) (13. d5 $5 Bxb2 14. Rb1 Bf6
15. f4 $146) 13... Qxc4 14. Bxe7 (14. Rxe7 Qxd4+ 15. Kh1 Qxd1+ 16. Rxd1 Na6 $5
$15) 14... Re8 $1 (14... Qxd4+ $2 15. Qxd4 Bxd4+ 16. Kh1 Re8 17. Bf6 $1 $16)
15. Kh1 (15. d5 $2 Rxe7 16. Rxe7 Qc5+ $19) 15... Na6 $6 (15... Bxd4 $2 16. Rc1
Qd5 17. Nf4 Qd7 18. Qb3+ Kh8 (18... Kg7 19. Ne6+ Kh8 20. Nf8 $18) 19. Qf7 $18)
(15... Nd7 16. Bf1 Qd5 $8 17. Qc2 $1 Nb6 18. Bc5 $16) (15... h6 16. Bf1 Qf7 17.
Qc2 Rxe7 18. Bc4 Be6 19. Rxe6 Rxe6 20. Nf4 Kh7 21. Bxe6 $40) (15... Kh8 $5 {/\}
16. Bf1 Qg8 $13) 16. Bf1 $1 (16. d5 $5 Bd7 $1 $8 (16... cxd5 17. f4 d4 18. Rc1
Qb5 (18... Qxa2 19. b3 {/\Ta1-a6} Qa5 20. b4 Qa2 21. b5 Nb8 22. Re2 $18) 19. a4
Qd7 20. Qb3+ Kh8 21. Ng5 h6 22. Nf7+ Kh7 23. Ba3 $36) (16... Qxd5 17. Qxd5+
cxd5 18. f4 h6 (18... Nc7 19. Bd6 $18) (18... Bxb2 19. Bxd5+ Kg7 20. Rab1 Bc3
21. Bf6+ $18) 19. Bxd5+ Kh7 20. Bf7 $16) (16... Nc7 17. dxc6 (17. d6 $6 Nd5)
17... Qxc6 18. Rc1 Qb6 19. Qd6 $36) 17. f4 h6 $5 18. Rc1 Qxa2 $13) 16... Qf7 (
16... Qd5 $6 17. Nf4 Qf7 18. Qc2 b5 $8 19. Qxc6 (19. Bc5 Bd7 $5 $132) 19... Rb8
20. Bd6 Bb7 21. Qc3 Rxe1 (21... b4 22. Qc4 $1 Bxf3+ 23. Kg1 $18) (21... Rbc8
22. Rxe8+ Qxe8 23. Qb3+ Kh8 24. d5 $18) 22. Rxe1 Rc8 23. Qd3 $16) 17. Ng5 $2 (
17. Rc1 b5 18. Ng5 Qd5 {-17.Sg5?}) (17. Qc1 $2 Rxe7 18. Bc4 Rxe1+) (17. Qc2 $1
Rxe7 $8 (17... Nc7 18. Ng5) (17... b5 18. Qxc6 Rb8 19. Ng5) 18. Bc4 Be6 19.
Rxe6 (19. Ng5 $2 Bxc4 20. Nxf7 Rxe1+ $15) 19... Rxe6 20. Ng5 Qf6 (20... Qe7 21.
Nxe6 Kh8 22. Nxg7 Kxg7 23. Bxa6 bxa6 24. Qxc6 Rd8 25. Qc3 $16) 21. Nxe6 Kh8 22.
Qb3 b5 23. Bf1 $16) 17... Qd5 18. Qc1 $6 (18. Qc2 $5 b5 19. Bg2 Bb7 (19... f4
$5 $132) 20. f4 Qxd4 (20... Qc4 $6 21. Qxc4+ bxc4 22. Rad1 h6 23. Nf3 c5 24. d5
$16) 21. Bxc6 (21. Qb3+ Qc4 $17) (21. Rad1 Qxb2) 21... Bxc6+ (21... Rac8 $4 22.
Qb3+) 22. Qxc6 Qc4 $1 $8 23. Rac1 (23. Qxa6 $2 Qd5+ 24. Ne4 $17) 23... Qxc6+
24. Rxc6 Nb8 $132) 18... b5 $17 19. Bg2 (19. Bd3 {/\Lc2-b3} Qd7 $17) 19... Bb7
(19... Qd7 20. f4 $1 Rxe7 $2 21. Rxe7 Qxe7 22. Qxc6 Rb8 (22... Nc7 23. Rc1) 23.
Bd5+ $40) 20. f4 (20. Bc5 $5 $17) 20... Qxd4 (20... Qd7 21. Bc5 $15) 21. a4 $6
(21. Bxc6 $2 Qb6 $1 22. Re6 Rxe7 $19) (21. Rd1 Qxb2 22. Qe3 Nc7 23. Rab1 Qxa2 {
/\h6}) (21. Ne6 $5 Qxb2 (21... Qd7 22. Nc5 Nxc5 23. Bxc5 Rxe1+ 24. Qxe1 Bxb2
25. Rd1 {><Lb7}) 22. Nxg7 Qxg7 $1 (22... Qxc1 23. Raxc1 Kxg7 24. Bxc6 $146) 23.
Bd6 c5 $17) 21... Rab8 $1 {/\Db2} (21... Qd7 22. Qe3 {/\Db3}) 22. axb5 (22. Ne6
$5 Qd7 $1 (22... Qxb2 23. Nxg7 Qxg7 24. Bd6 $36) 23. Nc5 Nxc5 24. Bxc5 Rxe1+
25. Qxe1 Bxb2 26. Rd1 Qf7 $17) 22... cxb5 23. Rxa6 (23. Bxb7 Rxb7 24. Rxa6 Qd5+
25. Kg1 Bd4+ $19) 23... Bxa6 24. Qc6 h6 $1 $8 (24... Rxe7 $2 25. Bd5+ Kh8 26.
Rxe7) 25. Qe6+ (25. Qxa6 Rxe7 $1 $19) (25. Qxg6 hxg5) (25. Bd5+ Kh8 26. Qxg6
Qxd5+) 25... Kh8 26. Nf7+ Kh7 27. Ne5 (27. Nd6 Rb6 $19) (27. Qxa6 Rxe7) 27...
Bxe5 28. fxe5 (28. Rxe5 Qc4 $19 29. Bd5 $4 Qf1#) 28... Qc4 29. Qf6 $8 (29. Bd5
Qxd5+ $1 30. Qxd5 Bb7) 29... Bb7 30. e6 Rg8 $19 31. h4 (31. Bxb7 Rxb7 {/\Dd5,
Tc7-c2}) 31... Bxg2+ 32. Kxg2 Qd5+ 33. Kh3 (33. Kg1 Rbc8 34. h5 gxh5 $19) 33...
Rbc8 34. h5 g5 $1 35. Qe5 g4+ 36. Kh4 Rc2 $1 {(I.Stohl)} 0-1

[Event "Interzonal-15"]
[Site "Manila"]
[Date "1990.??.??"]
[Round "6"]
[White "Ivanchuk, Vassily"]
[Black "Portisch, Lajos"]
[Result "1-0"]
[WhiteElo "2680"]
[BlackElo "2590"]
[Annotator "Schussler,H"]
[PlyCount "113"]
[EventDate "1990.06.29"]
[EventType "swiss"]
[EventRounds "13"]
[EventCountry "PHI"]
[SourceTitle "CBM 019"]
[Source "ChessBase"]
[SourceDate "1990.12.01"]
[SourceVersion "1"]
[SourceVersionDate "1990.12.01"]
[SourceQuality "1"]

1. e4 e5 2. Nf3 Nc6 3. Bb5 Nf6 4. O-O Be7 5. Re1 d6 6. d4 exd4 7. Nxd4 Bd7 8.
Bf1 {Usually 8.Bxc6 is played but Ivanchuk, who has a space-advantage, wants
to avoid exanching pieces. At the same time he makes Pc4, setting up a Maroczy
bind, possible.} O-O 9. Nc3 Nxd4 (9... Ng4 10. Nf5 $1 Bxf5 11. exf5 Nf6 12. g4
$16) 10. Qxd4 Bc6 (10... Ng4 $5) 11. Bf4 (11. b4) 11... Nh5 $6 {11. - Nd7
looks more natural.} 12. Bd2 Bf6 13. Qd3 Bxc3 $2 {A better try is 13. - Bg5
not giving White the Bishop-pair.} (13... Bg5 14. Rad1 $14) 14. Qxc3 (14. Bxc3
Qg5 $5) 14... Re8 (14... Qd7 $1 {/\ Rae8}) 15. f3 Qf6 16. Qxf6 Nxf6 17. b4 $1
$16 a6 18. a4 Rec8 (18... b5 19. Re3 $1 (19. axb5 axb5 20. Ra5 $5) 19... bxa4
20. Rc3 Bb5 21. Rxc7 d5 (21... Rac8 22. Rxc8 Rxc8 23. c4 $18) 22. c4 $5 (22.
exd5 Nxd5 23. Rc5)) 19. c4 a5 20. b5 Bd7 (20... Be8 21. e5 dxe5 22. Rxe5 $16)
21. f4 Be8 (21... h6 $142 $1) 22. e5 dxe5 23. fxe5 Nd7 24. e6 Nc5 {Or 24. -
fxe6 25.Rxe6 followed by 26.Re7.} (24... fxe6 25. Rxe6 Nc5 26. Re7 Nb3 27. Ra2
(27. Bc3 Nxa1 28. Rxg7+ Kf8 29. Bxa1 Bg6 $13) 27... Nxd2 28. Rxd2 Kf8 29. Re5
$16) 25. e7 $18 Ne6 26. Rad1 (26. Be3 $6 c5 $1) (26. Bc3 $5 c6 27. Be5) 26...
c5 (26... c6 27. Be3 $1 cxb5 28. axb5 Rc7 (28... a4 29. Bb6 a3 30. Rd2 $16) 29.
Bb6 Rxe7 30. Rd8 Rxd8 (30... Nxd8 31. Rxe7 Ne6 32. Bxa5 $16) 31. Bxd8 Rd7 32.
Bxa5 $16) 27. Bc3 b6 (27... Rc7 28. Rd8 Nxd8 29. exd8=Q Rxd8 30. Bxa5 Rcc8 31.
Bxd8 Rxd8 32. Re5 $1 b6 (32... Rc8 33. Re7) 33. a5 bxa5 (33... f6 34. Rd5) 34.
Rxc5 a4 35. Rc7 Ra8 36. b6 Kf8 37. b7 Rb8 38. c5 a3 39. Bc4 $18) 28. Rd6 Rcb8
29. Red1 Ra7 30. Rd8 Raa8 31. Rxb8 Rxb8 32. Be5 Rb7 33. Rd8 Rxe7 34. Rb8 Nf8
35. Bd6 Nd7 36. Rxb6 Nxb6 37. Bxe7 Nxa4 38. Be2 f5 39. Bf3 Bf7 (39... Kf7 40.
Bd8) 40. Bd8 Bxc4 41. b6 Nxb6 42. Bxb6 a4 43. Bxc5 g5 44. Kf2 Kf7 45. Ke3 Kg6
46. Kd4 Bb5 47. Ke5 h5 48. g3 Bd7 49. Bd1 g4 50. Kf4 Kf6 51. Bc2 Kg6 52. Ba3
Kf6 53. Bc1 Kg6 54. Bb2 h4 55. Ba3 hxg3 56. hxg3 Be6 57. Bxa4 1-0

[Event "Interzonal-15"]
[Site "Manila"]
[Date "1990.??.??"]
[Round "7"]
[White "Gelfand, Boris"]
[Black "Ivanchuk, Vassily"]
[Result "1/2-1/2"]
[WhiteElo "2680"]
[BlackElo "2680"]
[Annotator "ChessBase"]
[PlyCount "43"]
[EventDate "1990.06.29"]
[EventType "swiss"]
[EventRounds "13"]
[EventCountry "PHI"]
[SourceTitle "CBM 019"]
[Source "ChessBase"]
[SourceDate "1990.12.01"]
[SourceVersion "1"]
[SourceVersionDate "1990.12.01"]
[SourceQuality "1"]

1. d4 Nf6 2. c4 g6 3. Nc3 d5 4. cxd5 Nxd5 5. e4 Nxc3 6. bxc3 Bg7 7. Nf3 c5 8.
Rb1 O-O 9. Be2 cxd4 10. cxd4 Qa5+ 11. Bd2 Qxa2 12. O-O Bg4 13. Bg5 h6 $5 (13...
Qe6) 14. Be3 Nc6 15. d5 Ne5 16. Rxb7 e6 17. Re1 Bxf3 18. gxf3 Rfd8 19. d6 Qa3
20. d7 Qe7 21. Bb5 Qh4 22. Bf1 1/2-1/2

[Event "Interzonal-15"]
[Site "Manila"]
[Date "1990.??.??"]
[Round "9"]
[White "Gurevich, Mikhail"]
[Black "Ivanchuk, Vassily"]
[Result "1/2-1/2"]
[WhiteElo "2640"]
[BlackElo "2680"]
[Annotator "Ftacnik,L"]
[PlyCount "43"]
[EventDate "1990.06.29"]
[EventType "swiss"]
[EventRounds "13"]
[EventCountry "PHI"]
[SourceTitle "CBM 019"]
[Source "ChessBase"]
[SourceDate "1990.12.01"]
[SourceVersion "1"]
[SourceVersionDate "1990.12.01"]
[SourceQuality "1"]

1. d4 Nf6 2. c4 g6 3. Nc3 d5 4. Nf3 Bg7 5. cxd5 Nxd5 6. e4 Nxc3 7. bxc3 c5 8.
Rb1 O-O 9. Be2 cxd4 10. cxd4 Qa5+ 11. Bd2 Qxa2 12. O-O Bg4 13. Bg5 h6 {N} (
13... Qe6) 14. Be3 b6 (14... Nc6 15. d5 Ne5 16. Rxb7 e6 $1 17. Re1 Bxf3 18.
gxf3 Rfd8 19. d6 Qa3 20. d7 $10 {Gelfand,B-Ivanchuk,V/Manila izt/1990/ ->CBM 19
}) 15. h3 Bxf3 16. Bxf3 e5 $1 $8 17. d5 (17. dxe5 Nc6) 17... Nd7 18. Re1 Rfd8
19. Qd3 Nc5 (19... Bf8 $2 20. Ra1 Qb2 21. Reb1 $18) 20. Qb5 Bf8 21. Red1 (21.
Re2 Qa4) 21... Nb7 22. Ra1 {Ftacnik,L} (22. Ra1 Nd6) 1/2-1/2

[Event "Tilburg"]
[Site "Tilburg"]
[Date "1990.09.07"]
[Round "1"]
[White "Ivanchuk, Vassily"]
[Black "Seirawan, Yasser"]
[Result "1-0"]
[WhiteElo "2680"]
[BlackElo "2635"]
[Annotator "Ftacnik,L"]
[PlyCount "121"]
[EventDate "1990.09.??"]
[EventType "tourn"]
[EventRounds "14"]
[EventCountry "NED"]
[EventCategory "16"]
[SourceTitle "CBM 020"]
[Source "ChessBase"]
[SourceDate "1991.02.01"]
[SourceVersion "1"]
[SourceVersionDate "1991.02.01"]
[SourceQuality "1"]

1. d4 d5 2. c4 dxc4 3. Nf3 c5 4. e3 Nf6 5. Bxc4 e6 6. O-O a6 7. Qe2 b5 8. Bb3
Bb7 9. Rd1 Nbd7 10. Nc3 (10. e4 cxd4 $1 11. e5 $6 Bxf3 $1 12. gxf3 Nh5 13. f4
Qh4 14. Rxd4 Bc5 {Salov,V-Kupreichik/URS-ch/1987/}) 10... Qb6 11. d5 (11. e4
cxd4 12. Nxd4 Bc5 13. Be3 Ne5 14. a4 Neg4 $1 15. e5 $5 Nxe3 16. fxe3 Nd7 17.
Qg4 h5 $1 18. Qxg7 O-O-O {Kortschnoj,V-Nikolic,Pr/Reykjavik/1988/}) (11. Ne5
Rd8 12. f4 Be7 13. a4 b4 14. a5 Qa7 $1 15. Na4 O-O 16. Bc4 cxd4 17. exd4 Nd5
18. Be3 N7f6 19. Rac1 Rc8 {Salov,V-Ribli,Z/Barcelona WCup/1989/1/2-1/2/ /})
11... exd5 {11...Nxd5 (!)} (11... c4 $6 12. dxe6 fxe6 13. Bc2 Rd8 14. Ng5 Bc5
15. Bxh7 $5 Ke7 $1 16. Bc2 Rh5 17. e4 Rdh8 18. h3 Ne5 19. Rf1 Nfg4 $1 $44 {
Nicoloff-Hamilton/London/1989/}) 12. Nxd5 (12. e4 dxe4 13. Ng5 c4 14. Bc2 Bb4
15. Ncxe4 O-O 16. a3 Bc5 17. Rxd7 $2 Bxe4 $1 18. Bxe4 Rae8 19. Rd1 Nxe4 20.
Nxe4 Qc6 {/\ 21...f5; Arencibia-Valdes/Habana/1986/}) 12... Nxd5 13. Bxd5 Bxd5
14. Rxd5 Qb7 (14... Rd8 15. e4 Be7 16. Be3 $1 O-O 17. b4 Qe6 18. Rad1 Nf6 19.
Rxd8 Rxd8 20. Rxd8+ Bxd8 21. e5 $1 $14 {Portisch,L-Ribli,Z/Skeleftea WCup/1989/
1-0/ /}) 15. e4 Be7 16. Bg5 Nb6 (16... f6 17. Bf4 O-O 18. Nh4 Nb6 19. Rd3 Rfe8
20. Nf5 Bf8 21. Re1 Rad8 22. h4 Nc4 23. b3 Ne5 {Hoi,C-Mikhailchishin/Budapest/
1989/}) 17. Rad1 $1 f6 (17... h6 18. Bxe7 Nxd5 19. Bxc5 Ne7 20. Ne5 Qc7 21. Nd7
$1 h5 22. Bd4 $1 $16 {Dolgicer-Gordeev/corr/1981/}) 18. Bf4 O-O (18... Nxd5 19.
exd5 O-O 20. d6 Bd8 21. d7 Bc7 22. Qe6+ Rf7 23. Be3 Qb6 24. Qe4 Rd8 $13 {
Danner-Szymczak/Prievidza/1980/}) 19. R5d2 Rfe8 (19... Rad8 20. e5 Rxd2 21.
Rxd2 Nc4 {- /Yrjola-Agzamov/Sochi/1984/}) 20. e5 fxe5 $6 (20... c4 $1 $10) 21.
Qxe5 Bf8 22. Qg5 Qe7 $6 23. Qxe7 Rxe7 (23... Bxe7 $5) 24. b3 a5 25. Rd8 Rxd8
26. Rxd8 Rd7 27. Rxd7 Nxd7 28. Bc7 $1 a4 29. bxa4 bxa4 30. Kf1 c4 (30... Kf7
31. Ke2 Ke6 32. Ng5+ Kf5 33. Nxh7 Be7 34. f4 Kg6 35. Ng5 Bxg5 36. fxg5 Kxg5 37.
Kd3 $18) 31. Ba5 Kf7 32. Nd2 Ne5 33. Bc3 Ke6 34. Bxe5 Kxe5 35. Nxc4+ Kd4 36.
Nb6 a3 37. Ke2 Bc5 (37... Bd6 38. g3 Kc5 39. Na4+ Kb4 40. Nb6 Kc5 $10) 38. Nd7
Bd6 39. g3 Kc3 $2 (39... Kd5 40. Nb6+ Kc5 41. Na4+ Kb4 42. Nb6 Kc5 $10) 40. f4
Kc2 41. Ne5 h5 42. Nf3 Kb2 (42... Bc7 $5) 43. Kd3 Kxa2 44. Kc2 Bc5 45. f5 Be3
46. h3 Bc5 47. Ng5 Bd6 48. g4 hxg4 49. hxg4 Be7 50. Ne4 Ka1 51. g5 Ka2 52. g6 (
52. f6 $2 gxf6 53. g6 Bf8 $10) 52... Ka1 53. f6 Bf8 54. f7 Be7 (54... a2 55.
Nd2) 55. Nc3 $1 (55. Nf6 Bf8 56. Nd7 Be7 57. f8=Q Bxf8 58. Nxf8 a2 $10) 55...
Bf8 56. Kb3 Be7 57. Nb5 Kb1 58. Nxa3+ Kc1 59. Nc4 Kd1 60. Nb6 Kd2 61. Kc4 {
Ftacnik,L} 1-0